000 00607 a2200205 4500
999 _c5759
_d5759
010 _aENG-87018
020 _a0070647917
_c350.00
035 _aEN-70551
037 _bDBAD / PUB
082 1 4 _a621.319
100 1 _aKothari, D. P.
245 1 _aPower system engineering /
_cby D.P.Kothari [and] I.J.Nagrath
250 _a2nd ed
260 _aNew Delhi
_bTata McGraw-Hill Publishing
_c2008
270 _a7, West Patel Nagar,
_bNew Delhi
_e110 008
300 _axix, 1074 p
_c22 cm (Pbk)
500 _aIncludes index
700 1 _aNagrath, I. J.
942 _adpl
_cEN
_2ddc
_h621.319
_mKOT